Rang & Dale's Pharmacology / (Record no. 35659)

MARC details
000 -LEADER
fixed length control field 00451nam a22001697a 4500
005 - DATE AND TIME OF LATEST TRANSACTION
control field 20240802111458.0
008 - FIXED-LENGTH DATA ELEMENTS--GENERAL INFORMATION
fixed length control field 240502b |||||||| |||| 00| 0 eng d
082 ## - DEWEY DECIMAL CLASSIFICATION NUMBER
Classification number 612
Item number RAN-R
100 ## - MAIN ENTRY--AUTHOR
Author Name Rang & Dale's
245 ## - TITLE STATEMENT
Title Rang & Dale's Pharmacology /
Remainder of title ill ;
Statement of responsibility, etc. Rang & Dale's
250 ## - EDITION STATEMENT
Edition statement 7th ed .
260 ## - PUBLICATION, DISTRIBUTION, ETC.
Place of Publication india.
Name of publisher, distributor, etc. jaypee.
300 ## - PHYSICAL DESCRIPTION
Pages viii,776p.
500 ## - GENERAL NOTE
General note include index .
650 ## - SUBJECT ADDED ENTRY--TOPICAL TERM
Subject / Department Medical / Pharmacology
300 ## - PHYSICAL DESCRIPTION
-- ill;
-- 24cm.
952 ## - LOCATION AND ITEM INFORMATION (KOHA)
-- 0
-- 0
952 ## - LOCATION AND ITEM INFORMATION (KOHA)
-- 0
-- 0
952 ## - LOCATION AND ITEM INFORMATION (KOHA)
-- 0
-- 0
Holdings
Lost status Damaged status Collection code Permanent Location Current Location Shelving Location Date acquired Full Call Number Accession No./Barcode Date last seen Copy number item type Koha item type
    Medical Superior Information Resource Center (SIRC) Superior University- Main Campus Superior Information Resource Center (SIRC) Superior University- Main Campus Pharmacology 05/02/2024 612 RAN-R 3582 05/02/2024 1 BOOK BOOK
    Medical Superior Information Resource Center (SIRC) Superior University- Main Campus Superior Information Resource Center (SIRC) Superior University- Main Campus Pharmacology 08/02/2024 612 RAN-R 9947 08/02/2024 2 BOOK BOOK
    Medical Superior Information Resource Center (SIRC) Superior University- Main Campus Superior Information Resource Center (SIRC) Superior University- Main Campus Pharmacology 08/02/2024 612 RAN-R 9949 08/02/2024 3 BOOK BOOK

Powered by Koha